Music Quiz

Random Music or Lyrics Quiz

Song Spree - The Beatles (George Harrison) Quiz Stats

Quiz not verified by Sporcle

Challenge
Share
Tweet
Embed
Score 0/190 Timer 15:00
1 Play Today
% Correct
I
97.8%
I
97.8%
I
97.8%
I
97.8%
I
97.8%
I
97.8%
I
97.8%
I
97.8%
I
97.8%
I
97.8%
I
97.8%
I
97.8%
the
94.6%
the
94.6%
the
94.6%
the
94.6%
the
94.6%
the
94.6%
the
94.6%
the
94.6%
the
94.6%
you,
93.4%
you
93.4%
you,
93.4%
you
93.4%
you
93.4%
a
93.3%
my
88.4%
my
88.4%
my
88.4%
my
88.4%
it
87.4%
it
87.4%
it
87.4%
love
86.9%
love
86.9%
love
86.9%
And
86.4%
And
86.4%
and
86.4%
me
85.2%
me
85.2%
me
85.2%
all
83.6%
all
83.6%
all
83.6%
all
83.6%
there
82.1%
there
82.1%
there
82.1%
be
81.9%
Be
81.9%
to
81.9%
be
81.9%
be
81.9%
be
81.9%
be
81.9%
be
81.9%
to
81.9%
be
81.9%
to
81.9%
be
81.9%
look
81.6%
that
81.6%
% Correct
look
81.6%
look
81.6%
see.
81.4%
see
81.4%
see
81.4%
at
81.2%
at
81.2%
some
80%
for
79%
for
79%
for
79%
While
78.8%
guitar
78.7%
guitar
78.7%
gently
78.5%
weeps
78.5%
gently
78.5%
weeps
78.5%
one
74.3%
one
73.5%
I'm
72.8%
I'm
72.8%
I'm
72.8%
I'm
72.8%
that's
70.1%
Still
69.4%
don't
69.3%
don't
69.3%
don't
69.3%
don't
69.3%
is
68.5%
is
68.5%
how
68.4%
will
68.4%
If
68.1%
If
68.1%
If
68.1%
If
68.1%
sleeping
67.9%
your
67.8%
your
67.8%
It's
67.7%
It's
67.7%
needs
67.4%
Let
66.6%
tell
66.4%
sweeping
65%
Cause
64.9%
Cause
64.9%
yeah,
64.6%
too
64.6%
yeah,
64.6%
too
64.6%
too
64.6%
floor
63.8%
taxman,
63.5%
taxman.
63.5%
taxman,
63.5%
taxman.
63.5%
with
62.5%
When
61.9%
of
60.9%
You're
60.3%
There's
60.1%
% Correct
There's
60.1%
nineteen
57.4%
much
55.2%
much
55.2%
way
54.9%
take
54.5%
have
54.5%
go
53.4%
I'd
52.5%
I'd
52.5%
had
51.9%
time
51.4%
Should
50.9%
more
50.9%
more
50.9%
more
50.9%
Then
50.9%
someone
50.2%
someone.
50.2%
someone.
50.2%
needed
49.6%
needed
49.6%
needed
49.6%
they
47.9%
eyes,
47.8%
friend
47.7%
into
46.7%
Now
46.2%
thankful
45.3%
their
44.9%
L.A.
44.8%
five
44.5%
thinking
44.1%
small
43.8%
per
42.9%
long,
42.3%
long
42.3%
long
42.3%
cent
41.9%
appear
41.7%
Please
40.1%
please
40.1%
Please
40.1%
very
38.9%
or
38.8%
spend
38.7%
friends
37.9%
We'll
37.4%
said
37.4%
fog
36.8%
may
36.5%
lost
36.2%
lost
36.2%
upon
35.8%
over
35.4%
guess
34.8%
soon,
33.1%
they've
30.7%
asleep.
30.6%
instead
28.2%
themselves
27.7%
inside,
26.5%

You're not logged in!

Compare scores with friends on all Sporcle quizzes.
Sign Up with Email
OR
Log In

You Might Also Like...

Show Comments

Extras

Top Quizzes Today


Score Distribution

Your Account Isn't Verified!

In order to create a playlist on Sporcle, you need to verify the email address you used during registration. Go to your Sporcle Settings to finish the process.